000 00510nam a2200181Ia 4500
008 090124s9999 xx 000 0 und d
082 _b31465
100 _aलागू चिंतामणी
245 _a मुजोर
250 _a1
260 _bदिलीप प्रकाशन
_c1993
300 _a172
600 _aलागू चिंतामणी
630 _a मुजोर
700 _aलागू चिंतामणी
730 _a मुजोर
942 _cBOOK
999 _c97502
_d97502